Normal view MARC view
  • Poe, Edgar Allan,

Entry Nombre Personal

Number of records used in: 35

001 - NUMERO DE CONTROL

  • campo de control: 29415

003 - IDENTIFICADOR DE NUMERO DE CONTROL

  • campo de control: UPN

005 - FECHA Y HORA DE LA ÜLTIMA TRANSACCIÓN

  • campo de control: 20210219194403.0

008 - DATOS DE LONGITUD FIJA

  • campo de control de longitud fija: nabaccnnaabn|||||||||| b |nc|||||d

035 ## - NUMERO DE CONTROL

  • Número de control: UPN11000001521

040 ## - FUENTE DE CATALOGACIÓN

  • Lenguaje de catalogación: SPA
  • Agencia de transcripción: UPN

053 #4 - NÚMERO DE CLASIFICACIÓN LC

  • Número de clasificación elemento-número único o número inicial de tramo: PS2600
  • Número de clasificación número de tramo final del elemento: PS2648

100 1# - ENCABEZAMIENTO - NOMBRE PERSONAL

  • Nombre personal: Poe, Edgar Allan,
  • Fechas asociadas con el nombre: 1809-1849

670 ## - FUENTE EN LA QUE SE LOCALIZARON DATOS

  • Cita de la fuente: T
  • Información localizada: Salvat universal

680 ## - NOTA PUBLICA DE ACCESO PÚBLICO

  • Frase explicativa de la referencia: Escritor estadounidense

902 ## - CATALOGADOR

  • Catalogador: DAA/280508